Humanization of economy and macroeconomic processes in the 21st century

Salvato in:
Dettagli Bibliografici
Autore principale: Tongeľová Ivanová, Pavlína
Altri autori: Horvátová, Eva, 1958-, Staněk, Peter
Natura: Libro
Lingua:inglese
Pubblicazione: Bratislava Citizens Association People for Equality and Prosperity 2014
Edizione:1. vyd.
Soggetti:
Tags: Aggiungi Tag
Nessun Tag, puoi essere il primo ad aggiungerne!!

MARC

LEADER 00000nam a2200000 4500
001 0192575
005 20240502073230.6
020 |a 978-80-971657-0-3 
041 0 |a eng 
044 |a SK 
245 1 0 |a Humanization of economy and macroeconomic processes in the 21st century  |c Pavlína Tongeľová-Ivanová ; reviewed by: Eva Horvátová, Peter Staněk 
250 |a 1. vyd. 
264 1 |a Bratislava  |b Citizens Association People for Equality and Prosperity  |c 2014 
300 |a 127 s. [6 AH] 
610 2 0 |a rozvoj hospodársky 
610 2 0 |a rozvoj sociálno-ekonomický 
610 2 0 |a rast hospodársky 
610 2 0 |a vývoj hospodársky 
610 2 0 |a humanizmus 
610 2 0 |a globalizácia hospodárstva 
610 2 0 |a makroekonomika 
610 2 0 |a prostredie podnikateľské 
610 2 0 |a trh práce 
610 2 0 |a zamestnanosť 
610 2 0 |a inovácia 
610 2 0 |a inovácie environmentálne 
610 2 0 |a výskum 
610 2 0 |a ekológia 
610 2 0 |a cash flow 
610 2 0 |a technológie nové 
610 2 0 |a transformácia 
100 1 |a Tongeľová Ivanová, Pavlína 
700 1 |a Horvátová, Eva, 1958- 
700 1 |a Staněk, Peter